000 00834nmm a2200301 a 4500
003 AR-BaBNM
005 20251128204613.0
008 237119s1994 ||||||||||||||000 | spa||
020 _a950-23-0576-0
040 _cAR-BaBNM
100 1 _aEscudé, Guillermo J.
245 1 0 _aInflación, interés y tipo de cambio
260 _aBuenos Aires
_bEudeba
_c1994
300 0 _a222 p.
_btablas, gráfs.
500 0 _aAl final de cada capítulo se encuentra un apéndice para consultar
504 _aBibliografía para consultar p. 11-13
650 4 _aPRECIOS
650 4 _aCOMERCIO
650 4 _aCONTROL DE PRECIOS
650 4 _aDEFLACION
650 4 _aINFLACION
650 4 _aOFERTA Y DEMANDA
650 4 _aPOLITICA DE PRECIOS
650 4 _aVALOR ECONOMICO
650 4 _aCOSTO DE VIDA
942 _cBK
998 _cmariana
999 _c8096
_d8096